ACCOUNTANCY CHAPTERWISE SOLVED PAPERS 2019-20 (Record no. 629)
[ view plain ]
| 000 -LEADER | |
|---|---|
| fixed length control field | 00366nam a22001337a 4500 |
| 020 ## - INTERNATIONAL STANDARD BOOK NUMBER | |
| ISBN | 978-93-13196-61-7 |
| 082 ## - DEWEY DECIMAL CLASSIFICATION NUMBER | |
| Classification number | 657 |
| Item number | MAK/C |
| 100 ## - MAIN ENTRY--AUTHOR NAME | |
| Personal name | RICHA MAKKAR, PARUL JAIN |
| 245 ## - TITLE STATEMENT | |
| Title | ACCOUNTANCY CHAPTERWISE SOLVED PAPERS 2019-20 |
| Remainder of title | CLASS XII |
| 260 ## - PUBLICATION, DISTRIBUTION, ETC. (IMPRINT) | |
| Place of publication | DELHI |
| Name of publisher | ARIHANT |
| Year of publication | 2019 |
| 300 ## - PHYSICAL DESCRIPTION | |
| Number of Pages | 532 |
| 650 ## - SUBJECT ADDED ENTRY--TOPICAL TERM | |
| Topical Term | ACCOUNTANCY SOLVED PAPERS FOR CLASS XII |
| Geographic subdivision | INDIA |
| 942 ## - ADDED ENTRY ELEMENTS (KOHA) | |
| Koha item type | Books |
| Withdrawn status | Lost status | Collection code | Home library | Current library | Shelving location | Date acquired | Source of acquisition | Cost, normal purchase price | Full call number | Accession Number | Koha item type |
|---|---|---|---|---|---|---|---|---|---|---|---|
| Reference | Main Library | Main Library | SHELF 10 C PLUS 2 ACCOUNTANCY | 08/03/2022 | purchase | 360.00 | 657 MAK/C | 12473 | Books |